Poverty analysis 2001/02 Republic of Mauritius

Saved in:
Bibliographic Details
Format: Book
Language:English
Published: Port Louis Central Statistics Office 2006
Subjects:
Tags: Add Tag
No Tags, Be the first to tag this record!

MARC

LEADER 00000nam$a2200000$$$4500
001 0060306
005 20251201095346.8
041 0 |a eng 
044 |a MU 
245 1 0 |a Poverty analysis 2001/02  |b Republic of Mauritius 
264 1 |a Port Louis  |b Central Statistics Office  |c 2006 
300 |a 33 s. 
610 2 0 |a údaje štatistické 
610 2 0 |a chudoba 
610 2 0 |a vývoj 
610 2 0 |a domácnosti 
610 2 0 |a populácia 
610 2 0 |a Maurícius